| 000 | 00979cam a22003137a 4500 | ||
|---|---|---|---|
| 003 | CHAP | ||
| 005 | 20220817041454.0 | ||
| 008 | 971013s1972 r 00010 d | ||
| 010 | _a15501 | ||
| 011 | _a16473 | ||
| 035 | _a20552 | ||
| 040 | _cCHAP | ||
| 082 |
_a029.95 _bB4 |
||
| 100 | 0 | 0 |
_aBerthet, Charles. _912006 |
| 245 | 1 | 3 | _aLa gestion imformatique |
| 260 |
_aParis : _bPresses Universitaires de France, _c1972 |
||
| 300 |
_a126 p. _b; gráfs. |
||
| 490 | 0 |
_aQue Sais-je _v; 1471 |
|
| 590 |
_aBATCH-UPD _b10 _c20130110 _lUCH01 _h0104 |
||
| 590 |
_aBATCH-UPD _b10 _c20130110 _lUCH01 _h2147 |
||
| 590 |
_aBATCH-UPD _b10 _c20130410 _lUCH01 _h1456 |
||
| 590 |
_aBATCH-UPD _b10 _c20130914 _lUCH01 _h0611 |
||
| 590 |
_aCONVERSION _b10 _c20130109 _lUCH01 _h1310 |
||
| 650 | 1 | 4 |
_aProcesamiento automático de datos en ciencias de la información. _991764 |
| 830 | 0 |
_aQue sais Je? _v; 1471 |
|
| 901 | _aBK | ||
| 942 | _cLIBRO | ||
| 949 |
_a029.95 B4 _bBC _cB _d-47891 _eB _h60815 _i20552 _si |
||
| 999 |
_c15501 _d15501 |
||